000
00307nam a2200133Ia 4500
008
191201s2010 xx 000 0 und d
082
_a
658.3
_b
GUH
100
_a
GUPTA,Shashi,K
245
0
_a
Human Resource Management
260
_a
N. Delhi
_b
kalyani
_c
2010
300
_a
MISC
650
_a
BBA
942
_2
ddc
_c
BK
999
_c
70
_d
70